000 00552nam a2200217 a 4500
999 _c4502
_d4502
001 4502
003 BD-JhCC
005 20171127205846.0
008 171127s1965 e |||| ||a| 000 0 eng d
035 _a(BD-JhCC) 4502
040 _aBD-JhCC
_dBD-JhCC
041 _aeng
082 _a822.33
_bBAR 1965
100 _aBarwis, Michael
245 _aCaptain Swing /
_c Michael Barwis
260 _aLondon :
_bHeinemann Educatinal Books Ltd-London ,
_c1965
300 _a93 p .:
_c16 cm .
650 _aEnglish Drama
942 _2ddc
_cBK